Biological invasions
Αποθηκεύτηκε σε:
| Κύριος συγγραφέας: | |
|---|---|
| Μορφή: | Βιβλίο |
| Γλώσσα: | English |
| Δημοσίευση: |
London :
Chapman & Hall,
1997, 1996
|
| Σειρά: | Population and community biology series ;
; 15 |
| Θέματα: | |
| Ετικέτες: |
Προσθήκη ετικέτας
Δεν υπάρχουν, Καταχωρήστε ετικέτα πρώτοι!
|
MARC
| LEADER | 00000nam a2200000 i 4500 | ||
|---|---|---|---|
| 001 | 1/84273 | ||
| 008 | 080509s19971996 eng d | ||
| 020 | |a 0-412-59190-1 | ||
| 035 | |l 10097149 | ||
| 040 | |a GR-MY-UA |b gre |e aacr | ||
| 041 | 0 | |a eng | |
| 082 | 0 | |a 577.18 |2 (22) | |
| 100 | 1 | |a Williamson, M.H. |q (Mark Herbert) | |
| 245 | 1 | 0 | |a Biological invasions / |c M. H. Williamson |
| 260 | |a London : |b Chapman & Hall, |c 1997, 1996 | ||
| 300 | |a xii, 244 σ.; |b εικ., διαγρ.; |c 24 εκ. | ||
| 490 | 1 | |a Population and community biology series |v ; 15 | |
| 504 | |a Βιβλιογραφία: σ. [197]-226 | ||
| 504 | |a Ευρετήριο: σ. [227]-244 | ||
| 650 | 0 | 0 | |a Biological invasions. |
| 830 | 0 | |a Population and community biology series ; |v ; 15 | |
| 852 | |a INST |b LESVOS |e 20080509 |h 577.18 WIL |p 005100042500 |q 005100042500 |t BK |y 0 | ||
| 901 | |a BIBL1-2008-2 | ||
| 909 | |a Λ |b 143057 | ||
| 922 | |a 1ΕΛΗ |b 200712 |c ΕΠΕΑΕΚ2/ΤΠ |d ΠΑΠΑΣΩΤΗΡΙΟΥ | ||
| 970 | |a ΧΑΤΖΗΜΙΧΑΗΛ |b ΜΑΡΙΑ |z 2008/05/09 | ||